000 00766nam a2200289Ia 4500
005 20260324123124.0
008 008 260324s9999 xx 000 0 eng d
020 _a9780429216848
037 _aEBOOK
040 _aCRL
040 _beng
040 _cCRL
041 _2eng
041 _aeng
084 _qCRL
100 _aJohn R Wilson; Jane Rajan; Theresa Clarke; Nastaran Dadashi; Ann Mills
_91169109
245 0 _aRail Human Factors around the World
245 0 _bImpacts on and of People for Successful Rail Operations
260 _bTaylor and Francis
260 _c2012
365 _a
365 _b400
856 _uhttp://www.taylorfrancis.com/books/9780429216848
942 _cEBOOK
999 _c1762350
_d1762350